| 000 | 00700nam a2200253Ia 4500 | ||
|---|---|---|---|
| 003 | OSt | ||
| 005 | 20220918174615.0 | ||
| 006 | a|||||r|||| 00| 0 | ||
| 007 | ta | ||
| 008 | 220917b |||||||| |||| 00| 0 eng d | ||
| 024 | _a13,097 | ||
| 037 | _cTextual | ||
| 040 |
_aARTS _cARTS _beng |
||
| 041 |
_2eng _aeng |
||
| 082 | _aN467, M0 | ||
| 100 |
_aDabbagh T _951096 |
||
| 245 | 0 | _aArt of ancient Iraq with an introductory chapter on prehistoric art | |
| 260 |
_aBaghdad _bBaghdad University Printing Press _c1979 |
||
| 300 |
_a477p. _ccm. |
||
| 650 | _aARTS | ||
| 700 |
_a Al-Jadir W _951097 |
||
| 942 |
_hN467, M0 _cTEXL _2CC |
||
| 999 |
_c153917 _d153917 |
||